[Event "World Rapid 2025"]
[Site "Doha QAT"]
[Date "2025.12.28"]
[Round "11.105"]
[White "Materia, Marco"]
[Black "Medhus, Vitus Bondo"]
[Result "1-0"]
[WhiteTitle "IM"]
[BlackTitle "FM"]
[WhiteElo "2497"]
[BlackElo "2387"]
[WhiteFideId "45150451"]
[BlackFideId "1462547"]
[EventDate "2025.12.26"]

1. d4 Nf6 2. c4 c5 3. d5 b5 4. cxb5 a6 5. e3 e6 6. dxe6 fxe6 7. Nc3 d5 8. Nf3
Be7 9. Be2 O-O 10. O-O Bb7 11. b3 axb5 12. Nxb5 Nbd7 13. Bb2 Qb8 14. a4 e5 15.
Qc2 d4 16. Nd2 Qc8 17. exd4 exd4 18. b4 Nd5 19. Bc4 Nb6 20. bxc5 Nxc4 21. Qxc4
Kh8 22. Nxd4 Bxc5 23. Ne2 Ra6 24. Rac1 Rc6 25. Qxd5 Rg6 26. Rxc5 Bxd5 27. Rxd5
Qb7 28. Nf4 Rg4 29. Be5 Qa8 30. Rb5 Qxa4 31. Rb7 Qc6 32. Rc7 Qb5 33. Nf3 Rg8 34.
h3 Rxf4 35. Bxf4 h6 36. Re1 Qb4 37. Bg3 Ra8 38. Be5 Rg8 39. Bc3 Qa3 40. Nd4 Qd6
41. Ne6 Kh7 42. Bxg7 Kg6 43. Re3 Ra8 44. Rg3+ Kf5 45. Rf7+ Ke4 46. Re3+ Kd5 47.
Rd3+ Kxe6 48. Rf6+ Ke7 49. Rfxd6 h5 50. Bf6+ Kf7 51. Be5 h4 52. Rh6 Ke7 53. Rb3 1-0

[Event "World Rapid 2025"]
[Site "Doha QAT"]
[Date "2025.12.28"]
[Round "11.106"]
[White "Xiao, Tong(QD)"]
[Black "Smirnov, Mark"]
[Result "1-0"]
[WhiteTitle "GM"]
[BlackTitle "FM"]
[WhiteElo "2555"]
[BlackElo "2420"]
[WhiteFideId "8622388"]
[BlackFideId "13764594"]
[EventDate "2025.12.26"]

1. c4 e6 2. Nf3 d5 3. e3 Nf6 4. Nc3 Bd6 5. b3 O-O 6. Bb2 Nbd7 7. Qc2 c6 8. d4 e5
9. cxd5 cxd5 10. dxe5 Nxe5 11. Be2 Nxf3+ 12. Bxf3 d4 13. exd4 Re8+ 14. Kf1 Qa5
15. a3 Bg4 16. Bxg4 Nxg4 17. Qd3 Qg5 18. h3 Re3 19. Qb5 Qh4 20. Nd1 Rae8 21. g3
Bxg3 22. fxe3 Qf6+ 23. Ke2 Rxe3+ 24. Nxe3 Qf2+ 25. Kd3 Qxe3+ 26. Kc4 Qe2+ 27.
Kb4 Bd6+ 28. Ka4 Qe6 1-0

[Event "World Rapid 2025"]
[Site "Doha QAT"]
[Date "2025.12.28"]
[Round "11.107"]
[White "Samunenkov, Ihor"]
[Black "Rami, Talab"]
[Result "1-0"]
[WhiteTitle "GM"]
[WhiteElo "2584"]
[BlackElo "2173"]
[WhiteFideId "14187086"]
[BlackFideId "7609787"]
[EventDate "2025.12.26"]

1. d4 d5 2. c4 e6 3. Nc3 Nf6 4. Bg5 Nbd7 5. cxd5 exd5 6. e3 c6 7. Bd3 h6 8. Bh4
Be7 9. Nge2 Nf8 10. Qc2 Ne6 11. O-O O-O 12. Rad1 Re8 13. Kh1 Ng4 14. Bg3 Bd6 15.
h3 Bxg3 16. Nxg3 Nf6 17. f3 Qc7 18. Qf2 Bd7 19. Bb1 Ng5 20. e4 dxe4 21. fxe4 Re7
22. e5 Nd5 23. Nxd5 cxd5 24. Nh5 Kh8 25. Nxg7 Qb6 26. Nh5 Bb5 27. Rfe1 Ne4 28.
Bxe4 dxe4 29. Nf6 Qe6 30. Qh4 Kg7 31. Rxe4 Rh8 32. Rg4+ Kf8 33. Qxh6+ Rxh6 34.
Rg8# 1-0

[Event "World Rapid 2025"]
[Site "Doha QAT"]
[Date "2025.12.28"]
[Round "11.108"]
[White "Harshavardhan, G B"]
[Black "Grafl, Florian"]
[Result "1-0"]
[WhiteTitle "IM"]
[BlackTitle "IM"]
[WhiteElo "2477"]
[BlackElo "2343"]
[WhiteFideId "25059009"]
[BlackFideId "4645715"]
[EventDate "2025.12.26"]

1. d4 f5 2. g3 Nf6 3. Bg2 e6 4. c4 Be7 5. Nf3 O-O 6. O-O d6 7. Nc3 Ne4 8. Nxe4
fxe4 9. Nd2 d5 10. f3 Nc6 11. fxe4 Rxf1+ 12. Nxf1 dxc4 13. Be3 Bd7 14. Nd2 b5
15. e5 Be8 16. Ne4 Rb8 17. a3 Na5 18. Qf1 Bc6 19. Rd1 Bd5 20. Qf4 Qe8 21. Nc3
Bxg2 22. Kxg2 b4 23. axb4 Bxb4 24. d5 Bxc3 25. bxc3 exd5 26. Qf5 Qc6 27. Rf1 Qg6
28. Qd7 Nc6 29. Qxd5+ Kh8 30. e6 Ne7 31. Qxc4 h6 32. Qxc7 Re8 33. Qd7 Ng8 34.
Qd3 Qxe6 35. Bxa7 Nf6 36. Bd4 Ng4 37. h3 Ne5 38. Qe4 Qc6 39. Qxc6 Nxc6 40. e3
Nxd4 41. exd4 Re3 42. Rc1 Kg8 43. c4 Kf7 44. c5 Ke7 45. c6 Kd8 46. Ra1 Rd3 47.
Ra7 Rxd4 48. Rxg7 Rc4 49. c7+ Kc8 50. g4 Rc5 51. Rh7 Rc6 52. Kg3 Rd6 53. Kh4 Rc6
54. Kh5 Rc3 55. h4 Rc6 56. Rxh6 Rxc7 57. Rh8+ Kb7 58. g5 1-0

[Event "World Rapid 2025"]
[Site "Doha QAT"]
[Date "2025.12.28"]
[Round "11.77"]
[White "Cunha, Lucas Aguiar"]
[Black "Gaehwiler, Gabriel"]
[Result "0-1"]
[WhiteTitle "FM"]
[BlackTitle "IM"]
[WhiteElo "2263"]
[BlackElo "2382"]
[WhiteFideId "2125404"]
[BlackFideId "1314530"]
[EventDate "2025.12.26"]

1. e4 e5 2. Nf3 Nf6 3. Nc3 Nc6 4. Bb5 Bd6 5. d3 h6 6. a3 a6 7. Bc4 Bc5 8. Be3 d6
9. d4 exd4 10. Nxd4 Ne5 11. Ba2 Nfg4 12. Bf4 c6 13. f3 Qh4+ 14. Bg3 Qf6 15. fxg4
Bxd4 16. Rf1 Bxc3+ 17. bxc3 Qg6 18. Bxe5 Qxe4+ 19. Kf2 dxe5 20. Qd6 Qg6 21.
Bxf7+ Qxf7+ 22. Kg1 Qe6 23. Qc5 Qe7 24. Qc4 Be6 25. Qe2 Qc5+ 26. Kh1 Bc4 27. Qe4
O-O-O 28. Rfe1 Rhf8 29. Rab1 Rf2 30. Qg6 Bd5 31. Rg1 Qe7 32. Rbe1 Qf6 33. Qh5 g5
34. Qh3 Rf8 35. Qd3 Qf4 36. h3 Rxg2 0-1

[Event "World Rapid 2025"]
[Site "Doha QAT"]
[Date "2025.12.28"]
[Round "11.78"]
[White "Volokitin, Andrei"]
[Black "Chekh Adm Khedr, Aram"]
[Result "1-0"]
[WhiteTitle "GM"]
[BlackTitle "FM"]
[WhiteElo "2619"]
[BlackElo "2139"]
[WhiteFideId "14107090"]
[BlackFideId "7601948"]
[EventDate "2025.12.26"]

1. e4 c5 2. Nf3 Nc6 3. Bb5 e6 4. O-O Nge7 5. d4 cxd4 6. Nxd4 Qb6 7. Nxc6 bxc6 8.
Be2 Ng6 9. c4 e5 10. Nc3 Be7 11. Na4 Qb7 12. c5 Qb4 13. Qc2 O-O 14. a3 Qb7 15.
g3 Rd8 16. Be3 d5 17. cxd6 Bxd6 18. Rfc1 Qe7 19. Rd1 Be6 20. Bc5 Rab8 21. Bxd6
Rxd6 22. Rxd6 Qxd6 23. Rd1 Qe7 24. Qxc6 Qg5 25. Nc5 Bh3 26. Bf1 Bxf1 27. Kxf1 h5
28. b4 Qg4 29. Rd3 h4 30. Qd7 Qg5 31. Qf5 Qc1+ 32. Kg2 h3+ 33. Qxh3 Qg5 34. Kf3
a5 35. Qf5 Qc1 36. Kg2 axb4 37. axb4 Nf8 38. Qxe5 Rxb4 39. Qc3 Qb1 40. Rd8 Rb8
41. Qd3 Qb6 42. Rd5 Qc6 43. Nd7 Nxd7 44. Rxd7 Qf6 45. Qd6 Qb2 46. Qd5 Qf6 47. h4
g6 48. Qd6 Qb2 49. Qf4 Rf8 50. h5 Qb5 51. Rd5 Qb6 52. Rd6 Qb7 53. hxg6 f5 54.
Qe5 fxe4 55. Qe6+ Kh8 56. g7+ Qxg7 57. Qh6+ Qxh6 58. Re6 Qg6 59. Rxg6 1-0

[Event "World Rapid 2025"]
[Site "Doha QAT"]
[Date "2025.12.28"]
[Round "11.79"]
[White "Murshed, Niaz"]
[Black "Balakrishnan, Praveen"]
[Result "1-0"]
[WhiteTitle "GM"]
[BlackTitle "GM"]
[WhiteElo "2341"]
[BlackElo "2507"]
[WhiteFideId "10200010"]
[BlackFideId "2064871"]
[EventDate "2025.12.26"]

1. d4 Nf6 2. c4 e6 3. Nf3 d5 4. Nc3 Bb4 5. e3 O-O 6. Bd3 dxc4 7. Bxc4 c5 8. O-O
Nc6 9. Qe2 cxd4 10. exd4 Nxd4 11. Nxd4 Qxd4 12. Be3 Qh4 13. Nb5 b6 14. Rfd1 e5
15. Rac1 Ng4 16. h3 Nxe3 17. fxe3 Bb7 18. Rd7 Be4 19. Rxf7 Rxf7 20. Bxf7+ Kxf7
21. Qc4+ Kg6 22. Qxb4 Kh5 23. Rc4 a5 24. Qc3 Re8 25. Nd6 Qg3 26. Nxe4 Qg6 27.
Qd3 Qe6 28. Qe2+ Kh6 29. Qg4 Qe7 30. Rc7 1-0

[Event "World Rapid 2025"]
[Site "Doha QAT"]
[Date "2025.12.28"]
[Round "11.80"]
[White "Ohanyan, Emin"]
[Black "Stefansson, Vignir Vatnar"]
[Result "1-0"]
[WhiteTitle "GM"]
[BlackTitle "GM"]
[WhiteElo "2493"]
[BlackElo "2519"]
[WhiteFideId "13312022"]
[BlackFideId "2308649"]
[EventDate "2025.12.26"]

1. d4 d5 2. Nf3 e6 3. c4 Nf6 4. Nc3 Be7 5. Bf4 O-O 6. Rc1 dxc4 7. e3 c5 8. Bxc4
cxd4 9. exd4 b6 10. d5 exd5 11. Nxd5 Be6 12. Nxe7+ Qxe7 13. Bd6 Qe8 14. O-O Bxc4
15. Rxc4 Qe6 16. Bxf8 Qxc4 17. Qd8 Qc6 18. Be7+ Ne8 19. Ne5 Qb5 20. Rd1 1-0

[Event "World Rapid 2025"]
[Site "Doha QAT"]
[Date "2025.12.28"]
[Round "11.81"]
[White "Suleimen, Ergali"]
[Black "Salinas Herrera, Pablo"]
[Result "1-0"]
[WhiteTitle "IM"]
[BlackTitle "GM"]
[WhiteElo "2419"]
[BlackElo "2473"]
[WhiteFideId "13724452"]
[BlackFideId "3407128"]
[EventDate "2025.12.26"]

1. e4 e5 2. Nf3 Nc6 3. Bb5 a6 4. Ba4 Nf6 5. O-O d6 6. Re1 Bd7 7. c4 Be7 8. d4
Nxd4 9. Bxd7+ Nxd7 10. Nxd4 exd4 11. Qxd4 O-O 12. Nc3 Bf6 13. Qd3 Nc5 14. Qc2
Re8 15. f3 c6 16. Be3 Be5 17. Ne2 Ne6 18. Rad1 Qc7 19. f4 Bf6 20. Ng3 g6 21. Qf2
Qe7 22. e5 dxe5 23. f5 Bh4 24. fxe6 Qxe6 25. Qe2 f5 26. Bf2 Bf6 27. b3 b5 28.
Bc5 Rad8 29. Bb6 Rb8 30. c5 Rbc8 31. Rd6 Qf7 32. Qb2 Be7 33. Rxe5 Bxd6 34. cxd6
Rxe5 35. Qxe5 Re8 36. Qd4 Qd7 37. Ba5 Re6 38. Bc3 Rxd6 39. Qh8+ Kf7 40. Qxh7+
Ke6 41. Qxg6+ Kd5 42. Qg5 Qa7+ 43. Kf1 Qf7 44. Nxf5 Ke6 45. g4 Rd3 46. Qf4 Kd7
47. Ke2 Qd5 48. Ne3 Rxe3+ 49. Qxe3 Qg2+ 50. Kd1 Qxg4+ 51. Kc2 Kc8 52. Qe8+ Kb7
53. Qe7+ Kb6 54. Qe3+ Kb7 55. Kb2 Qg2+ 56. Qd2 Qh3 57. Be5 Qf5 58. Qd6 Kb6 59.
Qd8+ 1-0

[Event "World Rapid 2025"]
[Site "Doha QAT"]
[Date "2025.12.28"]
[Round "11.82"]
[White "Suleymenov, Alisher"]
[Black "Aziz, Husain"]
[Result "0-1"]
[WhiteTitle "GM"]
[BlackTitle "IM"]
[WhiteElo "2505"]
[BlackElo "2256"]
[WhiteFideId "13707833"]
[BlackFideId "12100293"]
[EventDate "2025.12.26"]

1. d4 d5 2. c4 e6 3. Nc3 Nf6 4. Nf3 c5 5. cxd5 Nxd5 6. e4 Nxc3 7. bxc3 cxd4 8.
cxd4 Bb4+ 9. Bd2 Bxd2+ 10. Qxd2 O-O 11. h3 b6 12. Rd1 Bb7 13. Bd3 Nd7 14. O-O
Rc8 15. Rfe1 h6 16. Qf4 Qc7 17. e5 Nf6 18. Rc1 Qb8 19. Nd2 Nd5 20. Qe4 g6 21.
Qg4 Rxc1 22. Rxc1 Rc8 23. Re1 Kg7 24. h4 Rc3 25. Bb1 Qc7 26. Nb3 h5 27. Qg5 Qe7
28. Be4 Qxg5 29. hxg5 Bc6 30. Rc1 Rxc1+ 31. Nxc1 Nb4 32. f3 Bd5 33. Bxd5 Nxd5
34. Kf2 h4 35. g3 hxg3+ 36. Kxg3 Kf8 37. Kf2 Ke7 38. Ke2 Kd7 39. Kd2 Nf4 40. Ke3
Nd5+ 41. Kd3 Kc6 42. Kc4 Nf4 43. a4 Nh3 44. Nd3 Nxg5 45. f4 Nh3 46. Nb4+ Kd7 47.
Nd3 Ng1 48. d5 exd5+ 49. Kxd5 Ne2 50. Kc4 Ke6 51. Kb5 Nc3+ 52. Kb4 Nd5+ 53. Kb5
Kf5 54. Ka6 Nxf4 55. Nb4 g5 56. Kxa7 g4 57. Nc2 Nd5 58. Kb7 Kxe5 59. Kc6 f5 0-1

[Event "World Rapid 2025"]
[Site "Doha QAT"]
[Date "2025.12.28"]
[Round "11.83"]
[White "Kuandykuly, Danis"]
[Black "Raja, Rithvik R"]
[Result "0-1"]
[WhiteTitle "FM"]
[BlackTitle "GM"]
[WhiteElo "2372"]
[BlackElo "2541"]
[WhiteFideId "13752260"]
[BlackFideId "35007394"]
[EventDate "2025.12.26"]

1. e4 c5 2. Nf3 d6 3. d4 cxd4 4. Nxd4 Nf6 5. Nc3 a6 6. Bd3 g6 7. f3 Bg7 8. Be3
b5 9. Qd2 h5 10. a4 b4 11. Nd5 Nxd5 12. exd5 a5 13. O-O-O O-O 14. h4 Ba6 15. g4
Qd7 16. b3 Bxd3 17. Qxd3 Na6 18. Nc6 Nb8 19. Nd4 Na6 20. gxh5 Nc5 21. Qe2 Rac8
22. Kb1 e5 23. Nc6 gxh5 24. Rhg1 Kh7 25. Rg5 f6 26. Rxh5+ Kg6 27. Rg1+ Kxh5 28.
Qg2 Qf5 29. Qxg7 Rh8 30. Ne7 Qxc2+ 31. Kxc2 Ne6+ 32. Nxc8 Rxc8+ 33. Kd3 Rc3+ 34.
Ke4 Nxg7 35. Rxg7 Rxb3 36. Rh7+ Kg6 37. Rh6+ Kg7 38. Rh5 Kg6 39. Rh6+ Kg7 40.
Rh5 Rc3 41. Bd2 Rc4+ 42. Kd3 Rd4+ 43. Kc2 b3+ 0-1

[Event "World Rapid 2025"]
[Site "Doha QAT"]
[Date "2025.12.28"]
[Round "11.84"]
[White "Davtyan, Artur"]
[Black "Damaj, Mohammed"]
[Result "1-0"]
[WhiteTitle "IM"]
[BlackTitle "CM"]
[WhiteElo "2474"]
[BlackElo "2119"]
[WhiteFideId "13308327"]
[BlackFideId "11501731"]
[EventDate "2025.12.26"]

1. e4 e5 2. Nf3 Nf6 3. Nxe5 Nxe4 4. Qe2 Qe7 5. Qxe4 d6 6. d4 dxe5 7. Qxe5 Qxe5+
8. dxe5 Bf5 9. c3 Nd7 10. Bf4 Nc5 11. Nd2 O-O-O 12. Nc4 Bd3 13. Be3 Bg6 14. Be2
Nd3+ 15. Bxd3 Bxd3 16. Nd2 Re8 17. Bf4 f6 18. O-O-O fxe5 19. Rhe1 Bd6 20. Bg3
Rhf8 21. Ne4 Bxe4 22. Rxe4 Kd7 23. Kd2 Ke6 24. a4 g5 25. h4 h6 26. Rh1 Kf5 27.
f3 Rg8 28. Rh2 Rg6 29. hxg5 hxg5 30. Bf2 Rgg8 31. Rh6 Rg6 32. Rh5 Kf6 33. Be3 a6
34. Kd3 Reg8 35. Rg4 Kf5 36. a5 Be7 37. Rc4 Bd6 38. g4+ Ke6 39. Ke4 c6 40. Ra4
Be7 41. Ra1 Bd8 42. b4 Be7 43. Rah1 Bf6 44. Rh7 R8g7 45. Rh8 Rd7 46. R8h6 Rxh6
47. Rxh6 Rg7 48. Bb6 Rd7 49. Be3 Rg7 50. Bf2 Rd7 51. Bg1 Re7 52. Bh2 Kf7 53. Kf5
Bg7 54. Rh7 e4 55. fxe4 Kg8 56. Rh5 Bxc3 57. Rxg5+ Kf7 58. Bd6 Re6 59. e5 Rh6
60. Rh5 Rxd6 61. exd6 Bxb4 62. Rh7+ Kg8 63. d7 Bxa5 64. Re7 1-0

[Event "World Rapid 2025"]
[Site "Doha QAT"]
[Date "2025.12.28"]
[Round "11.109"]
[White "Altini, Nicola"]
[Black "Ammar, Sedrani"]
[Result "1-0"]
[WhiteTitle "IM"]
[BlackTitle "FM"]
[WhiteElo "2360"]
[BlackElo "2203"]
[WhiteFideId "833924"]
[BlackFideId "9312331"]
[EventDate "2025.12.26"]

1. e4 c6 2. d4 d5 3. e5 Bf5 4. h4 h5 5. Bd3 Bxd3 6. Qxd3 e6 7. Nf3 Qa5+ 8. Nbd2
Qa6 9. c4 Nd7 10. b3 Nh6 11. O-O Be7 12. Qb1 Nf5 13. g3 O-O 14. Bb2 g6 15. Kg2
Rac8 16. Re1 Rfd8 17. a4 b6 18. a5 Qb7 19. a6 Qa8 20. cxd5 cxd5 21. Qd3 Rc6 22.
Nf1 Rdc8 23. Ne3 Nxe3+ 24. Qxe3 R8c7 25. Qf4 Qf8 26. Bc1 Rc3 27. g4 hxg4 28.
Qxg4 Qg7 29. Bg5 Kf8 30. Bxe7+ Kxe7 31. Qg5+ Ke8 32. h5 Nf8 33. h6 Qh8 34. Rh1
Nh7 35. Qg4 g5 36. Rh5 f5 37. exf6 Nxf6 38. Qxg5 Rxf3 39. Kxf3 Nxh5 40. Qxh5+
Rf7+ 41. Ke3 Qf6 42. f3 Qf4+ 43. Kd3 Kd7 44. Rh1 Rh7 45. b4 Kd6 46. Qh2 Qxh2 47.
Rxh2 Kc6 48. Ke3 Kb5 49. Kf4 Kxb4 50. Kg5 Kc3 51. Kg6 Rh8 52. h7 b5 53. Kg7
Rxh7+ 54. Rxh7 Kxd4 55. Kf6 Kc5 56. Rxa7 Kb6 1-0

[Event "World Rapid 2025"]
[Site "Doha QAT"]
[Date "2025.12.28"]
[Round "11.110"]
[White "Assylov, Miras"]
[Black "Nainys, Zanas"]
[Result "0-1"]
[WhiteTitle "FM"]
[WhiteElo "2393"]
[BlackElo "2307"]
[WhiteFideId "13728873"]
[BlackFideId "12844098"]
[EventDate "2025.12.26"]

1. e4 e6 2. d4 d5 3. Nc3 Nf6 4. Bg5 Be7 5. e5 Nfd7 6. Bxe7 Qxe7 7. f4 b6 8. Nb5
Nf8 9. c3 a6 10. Qa4 Bd7 11. Qa3 Bxb5 12. Bxb5+ c6 13. Qxe7+ Kxe7 14. Bd3 c5 15.
Nf3 Nc6 16. Kd2 Nd7 17. Rae1 g6 18. g4 h5 19. h3 hxg4 20. hxg4 b5 21. f5 gxf5
22. gxf5 Rag8 23. Rxh8 Rxh8 24. Rg1 Kf8 25. Ke3 Rh3 26. Bf1 cxd4+ 27. cxd4 Rxf3+
28. Kxf3 Nxd4+ 29. Kf4 Nxf5 30. Bd3 Nd4 31. Rc1 f6 32. exf6 e5+ 33. Kg5 e4 34.
Bc2 Kf7 35. Bd1 Nxf6 36. Rc7+ Ke6 37. Ra7 Ne8 38. Bg4+ Kd6 39. Rxa6+ Nc6 40. Be2
Nc7 41. Ra3 b4 42. Rh3 Ke5 43. a3 d4 44. Kg4 bxa3 45. bxa3 Kd5 46. Kf5 Ne5 47.
Rh8 Ne6 48. Ra8 d3 49. Bd1 Nc5 50. Rd8+ Ned7 51. Bg4 e3 52. Kf4 e2 53. Re8 Nf6
54. Bf3+ Nce4 55. Bxe4+ Nxe4 56. Rxe4 d2 57. Re5+ Kc4 58. Re4+ Kb3 59. Re3+ Ka4
60. Re4+ Ka5 61. Re5+ Kb6 62. Re6+ Kc5 63. Re5+ Kd6 64. Rxe2 d1=Q 65. Re3 Qc1
66. Ke4 Kc5 67. Rf3 Qc4+ 68. Kf5 Kd6 69. Re3 Qd4 70. Rf3 Qe5+ 71. Kg4 Ke6 72. a4
Qe4+ 73. Kg3 Qxa4 74. Re3+ Kf5 75. Rf3+ Kg5 76. Kf2 Qd1 77. Ke3 Qd5 78. Ke2 Kg4
79. Rd3 Qc4 80. Ke3 Qf4+ 81. Ke2 Qb4 82. Ke3 Kf5 83. Rd5+ Ke6 84. Rd4 Qe1+ 85.
Kd3 Ke5 86. Rc4 Qd1+ 87. Kc3 Kd5 88. Rb4 Qf3+ 89. Kc2 Kc5 90. Ra4 Qe3 91. Kb2
Kb5 92. Ra3 Qd4+ 93. Kc2 Kb4 94. Rb3+ Kc4 95. Rb2 Qc3+ 96. Kb1 Qd3+ 97. Ka2 Qd1
98. Rb8 Qd2+ 99. Rb2 Qd5 100. Ka1 Qd1+ 101. Ka2 Kc3 102. Rh2 Qa4+ 103. Kb1 Qb5+
104. Ka1 Qa6+ 105. Kb1 Qb6+ 106. Ka1 Qg1+ 107. Ka2 0-1

[Event "World Rapid 2025"]
[Site "Doha QAT"]
[Date "2025.12.28"]
[Round "11.111"]
[White "Phuyal, Aashish"]
[Black "Sharan, Rao"]
[Result "0-1"]
[BlackTitle "IM"]
[WhiteElo "1955"]
[BlackElo "2341"]
[WhiteFideId "12312649"]
[BlackFideId "5073464"]
[EventDate "2025.12.26"]

1. e4 e6 2. d4 d5 3. Nc3 Nf6 4. e5 Nfd7 5. f4 c5 6. Nf3 Nc6 7. Be3 Qb6 8. Na4
Qa5+ 9. c3 b6 10. Bd2 c4 11. b4 Nxb4 12. cxb4 Bxb4 13. Rc1 Bxd2+ 14. Nxd2 b5 15.
Nc3 b4 16. Qa4 Qb6 17. Nb5 O-O 18. Nf3 Nb8 19. Nd6 Nc6 20. Rd1 a5 21. Nxc8 Rfxc8
22. Be2 b3 23. axb3 Qxb3 24. Qa1 Nb4 25. Kf2 Nc2 26. Qc1 a4 27. Rd2 Nb4 28. Rb2
a3 29. Rxb3 cxb3 30. Qe3 b2 31. Qb3 Rc1 32. Qxb4 Rxh1 33. Qb7 Rf8 34. Bd3 a2 35.
Ng5 b1=Q 36. Bxb1 axb1=Q 0-1

[Event "World Rapid 2025"]
[Site "Doha QAT"]
[Date "2025.12.28"]
[Round "11.112"]
[White "Musovic, Armin"]
[Black "Dinham, James"]
[Result "1/2-1/2"]
[WhiteTitle "FM"]
[WhiteElo "2190"]
[BlackElo "2091"]
[WhiteFideId "939935"]
[BlackFideId "14327023"]
[EventDate "2025.12.26"]

1. a3 Nf6 2. Nf3 g6 3. d4 d5 4. c4 c6 5. Nc3 Bg7 6. g3 O-O 7. Bg2 dxc4 8. O-O
Nd5 9. e4 Nxc3 10. bxc3 c5 11. Rb1 Nc6 12. Be3 Qa5 13. Qc1 Rd8 14. e5 Rb8 15.
dxc5 Nxe5 16. Nxe5 Bxe5 17. c6 bxc6 18. Rxb8 Bxb8 19. Bxc6 Be5 20. Bg5 Qc7 21.
Qe3 Rd3 22. Qe4 Bf5 23. Qg2 Rxc3 24. Re1 Bf6 25. Bh6 Rxa3 26. g4 Qa5 27. Rc1 Bd3
28. Bb5 Qd8 29. Qb7 Ra1 30. Rxa1 Bxa1 31. Qxa7 Bd4 32. Qa6 e6 33. Bxc4 Bxc4 34.
Qxc4 Bxf2+ 35. Kg2 Bd4 36. Kh3 Bg7 37. Bf4 e5 38. Bg3 h6 39. Qc6 Qe7 40. Bh4 Qe6
41. Qxe6 fxe6 42. g5 h5 43. Kg3 Bf8 44. Kf3 Bb4 45. Bf2 Bd2 46. Be3 Bxe3 47.
Kxe3 Kf7 48. Ke4 Ke7 49. Kxe5 Kf7 50. Kd6 h4 51. h3 e5 52. Kxe5 Ke7 53. Kd5 Kd7
54. Ke5 Ke7 55. Ke4 Ke6 56. Kf4 Kd5 57. Kg4 Ke4 58. Kxh4 Ke5 1/2-1/2

[Event "World Rapid 2025"]
[Site "Doha QAT"]
[Date "2025.12.28"]
[Round "11.113"]
[White "Berend, Fred"]
[Black "Bodemar, Jonathan"]
[Result "0-1"]
[WhiteTitle "IM"]
[BlackTitle "CM"]
[WhiteElo "2213"]
[BlackElo "2154"]
[WhiteFideId "4000102"]
[BlackFideId "6205488"]
[EventDate "2025.12.26"]

1. d4 Nf6 2. c4 e6 3. g3 d5 4. Bg2 Bb4+ 5. Bd2 Be7 6. Nf3 O-O 7. O-O c6 8. Qc2
b6 9. Bf4 Bb7 10. Nbd2 Nh5 11. Bxb8 Rxb8 12. e4 c5 13. cxd5 exd5 14. e5 Rc8 15.
Rac1 g6 16. Bh3 Rc7 17. Rfd1 Ng7 18. Qd3 Ne6 19. Qe3 Kg7 20. dxc5 bxc5 21. Bg2
Qa8 22. h4 h5 23. Qe2 a5 24. Nb1 Rd8 25. Nc3 Rcd7 26. Na4 Rc7 27. Rd2 Bc6 28.
Qd1 Qb7 29. Ne1 c4 30. Nc3 d4 31. Nb1 Bxg2 32. Nxg2 Qb5 33. Qf3 Qxe5 34. Re1 Qf6
35. Qd1 Bb4 36. Nc3 dxc3 37. Rxd8 Qxd8 38. Qb1 c2 0-1

[Event "World Rapid 2025"]
[Site "Doha QAT"]
[Date "2025.12.28"]
[Round "11.114"]
[White "Abdilkhair, Abilmansur"]
[Black "Blackwood, Ryan"]
[Result "1-0"]
[WhiteTitle "IM"]
[WhiteElo "2378"]
[BlackElo "1945"]
[WhiteFideId "13716417"]
[BlackFideId "7400640"]
[EventDate "2025.12.26"]

1. e4 d5 2. exd5 Qxd5 3. Nc3 Qa5 4. Rb1 c6 5. b4 Qc7 6. g3 Nf6 7. Bg2 Bg4 8.
Nge2 Nbd7 9. O-O e6 10. b5 Be7 11. Qe1 O-O 12. bxc6 bxc6 13. Nd4 Nd5 14. Bxd5
cxd5 15. Nxd5 exd5 16. Qxe7 Rae8 17. Qg5 Bh3 18. Ba3 Re5 19. Qf4 Rfe8 20. Rfc1
Qc4 21. Qh4 Be6 22. d3 Qa6 23. Bb2 Nf6 24. Nb3 Rh5 25. Qd4 Qc8 26. Re1 Bd7 27.
Qxa7 Bc6 28. Bxf6 gxf6 29. Rxe8+ Bxe8 30. Re1 Bc6 31. Re3 Qh3 32. Qb8+ Kg7 33.
g4 Re5 34. Qxe5 Qh6 35. Qc7 d4 36. Nxd4 1-0

[Event "World Rapid 2025"]
[Site "Doha QAT"]
[Date "2025.12.28"]
[Round "11.115"]
[White "Al Mashikhi, Salim Aliyan"]
[Black "Muntean, Victor"]
[Result "1/2-1/2"]
[WhiteTitle "FM"]
[WhiteElo "1952"]
[BlackElo "2169"]
[WhiteFideId "22000046"]
[BlackFideId "1054414"]
[EventDate "2025.12.26"]

1. e4 e5 2. Nf3 Nc6 3. Nc3 Nf6 4. Bb5 Bd6 5. O-O O-O 6. d3 a6 7. Ba4 b5 8. Bb3
Na5 9. Bg5 Nxb3 10. axb3 c6 11. d4 exd4 12. Qxd4 Be7 13. Rad1 b4 14. Na4 Rb8 15.
Rd2 Re8 16. e5 Nd5 17. Bxe7 Qxe7 18. Re1 d6 19. Rde2 Be6 20. exd6 Qxd6 21. Nc5
Rb5 22. Nxe6 Rxe6 23. Ng5 Rxe2 24. Rxe2 Rb8 25. Qa7 Qf4 26. g3 Qc1+ 27. Kg2 Rf8
28. Nf3 Qxb2 29. Qxa6 Qf6 30. Qc4 h6 31. Ne5 Re8 32. Nd7 Qd8 33. Rxe8+ Qxe8 34.
Qxc6 Qe4+ 35. Kg1 Qe1+ 36. Kg2 Qe4+ 37. Kg1 Qe1+ 1/2-1/2

[Event "World Rapid 2025"]
[Site "Doha QAT"]
[Date "2025.12.28"]
[Round "11.116"]
[White "Dahal, Sushrut"]
[Black "Anwoir, Tarik"]
[Result "0-1"]
[WhiteTitle "CM"]
[WhiteElo "2037"]
[BlackElo "2098"]
[WhiteFideId "12303275"]
[BlackFideId "9004904"]
[EventDate "2025.12.26"]

1. d4 d5 2. Nc3 Nf6 3. Bf4 c6 4. e3 Bf5 5. f3 e6 6. g4 Bg6 7. h4 h5 8. g5 Ng8 9.
Bd3 Bxd3 10. Qxd3 Bd6 11. Nge2 Ne7 12. e4 Bxf4 13. Nxf4 g6 14. O-O-O Nd7 15.
Rhe1 O-O 16. Kb1 a6 17. Nce2 Kg7 18. Ng3 Rh8 19. Qe3 b5 20. Nd3 Qc7 21. Rg1 a5
22. Nf4 b4 23. exd5 Nxd5 24. Nxd5 cxd5 25. Ne2 Rhc8 26. Rc1 Nb6 27. b3 a4 28.
Nf4 Qd6 29. Nd3 Nd7 30. Rg2 Rc3 31. Qd2 Qb6 32. Nb2 axb3 33. axb3 Qa7 34. Na4
Nb6 0-1

[Event "World Rapid 2025"]
[Site "Doha QAT"]
[Date "2025.12.28"]
[Round "11.117"]
[White "Alsaqer, Meshal"]
[Black "Anand, Tsogtbileg"]
[Result "0-1"]
[BlackTitle "CM"]
[WhiteElo "1853"]
[BlackElo "1968"]
[WhiteFideId "10301771"]
[BlackFideId "4926552"]
[EventDate "2025.12.26"]

1. d4 Nf6 2. Nf3 e6 3. Bg5 c5 4. e3 Nc6 5. c3 h6 6. Bh4 d5 7. Nbd2 Be7 8. Bb5
O-O 9. O-O cxd4 10. cxd4 Bd7 11. Rc1 a6 12. Bxc6 Bxc6 13. Ne5 Bb5 14. Re1 Qa5
15. a3 Rac8 16. h3 Rc7 17. Rxc7 Qxc7 18. a4 Be8 19. Qb3 Qa5 20. Ndf3 g5 21. Bg3
b6 22. Ra1 b5 23. Qc2 bxa4 24. Nc6 Bxc6 25. Qxc6 Qb5 26. Qc7 Re8 27. Ne5 Ne4 28.
Qd7 Qxd7 29. Nxd7 a3 30. bxa3 Nd2 31. a4 Rc8 32. Ra2 Rc1+ 33. Kh2 Nf1+ 0-1